Poznávanie tretieho sektora na Slovensku
Guardado en:
| Otros Autores: | , |
|---|---|
| Formato: | Libro |
| Lenguaje: | eslovaco |
| Publicado: |
Bratislava
SPACE - Centrum pre analýzu sociálnej politiky
2004
|
| Materias: | |
| Etiquetas: |
Sin Etiquetas, Sea el primero en etiquetar este registro!
|
MARC
| LEADER | 00000nam$a2200000$$$4500 | ||
|---|---|---|---|
| 001 | 0019322 | ||
| 005 | 20240104094956.8 | ||
| 020 | |a 80-88991-26-9 | ||
| 041 | 0 | |a slo | |
| 044 | |a SK | ||
| 245 | 1 | 0 | |a Poznávanie tretieho sektora na Slovensku |c Zostavili: Eva Kelley, Veronika Kostolanská |
| 264 | 1 | |a Bratislava |b SPACE - Centrum pre analýzu sociálnej politiky |c 2004 | |
| 300 | |a 172 s. | ||
| 610 | 2 | 0 | |a organizácie neziskové |
| 610 | 2 | 0 | |a organizácie nevládne |
| 610 | 2 | 0 | |a organizácie náboženské |
| 610 | 2 | 0 | |a Slovensko |
| 610 | 2 | 0 | |a financovanie |
| 610 | 2 | 0 | |a výskum |
| 610 | 2 | 0 | |a zdroje finančné |
| 610 | 2 | 0 | |a nadácie |
| 610 | 2 | 0 | |a organizácie verejnoprospešné |
| 610 | 2 | 0 | |a fondy neinvestičné |
| 610 | 2 | 0 | |a analýza ekonomická |
| 610 | 2 | 0 | |a zisťovanie štatistické |
| 610 | 2 | 0 | |a údaje štatistické |
| 700 | 1 | |a Kelley, Eva | |
| 700 | 1 | |a Kostolanská, Veronika | |